-
NOGRADY, THOMAS AND WEAVER, DONALD F.
Entry Personal Name
Number of records used in: 1
001 - CONTROL NUMBER
003 - CONTROL NUMBER IDENTIFIER
005 - DATE AND TIME OF LATEST TRANSACTION
- control field:
20220226105307.0
008 - FIXED-LENGTH DATA ELEMENTS
- fixed length control field:
220226|| aca||aabn | a|a d
040 ## - CATALOGING SOURCE
- Original cataloging agency:
OSt
- Transcribing agency:
OSt
100 ## - HEADING--PERSONAL NAME
- Personal name:
NOGRADY, THOMAS AND WEAVER, DONALD F.
670 ## - SOURCE DATA FOUND
- Source citation:
Work cat.: (OSt): NOGRADY, THOMAS AND WEAVER, DONALD F., MEDICINAL CHEMISTRY:MOLECULAR AND BIOCHEMICAL APPROACH, 1988